Pays sans les lettres de "CUBA" - Statistiques

Statistiques générales
  • Ce quiz a été pris 76 fois
    13 depuis la dernière actualisation
  • Le résultat moyen est 13 sur 23
Statistiques - réponses
Continents Pays % Correct
Afrique Égypte
83%
Océanie Fidji
83%
Europe Montenegro
83%
Europe Estonie
67%
Afrique Éthiopie
67%
Europe Kosovo
67%
Europe Lettonie
67%
Afrique Niger
67%
Europe Norvège
67%
Asie Yemen
67%
Afrique Érythrée
50%
Asie Géorgie
50%
Asie Inde
50%
Asie Indonésie
50%
Asie Koweït
50%
Afrique Lesotho
50%
Asie Mongolie
50%
Europe Pologne
50%
Asie Syrie
50%
Afrique Togo
50%
Europe Slovénie
33%
Europe Hongrie
17%
Asie Philippines
0%
Aucun quiz correspondant
Distribution des résultats
% des personnes avec chaque résultat
Percentile par nombre de réponses
Votre historique - résultats
Vous n’avez pas pris ce quiz depuis la dernière actualisation